[Event "OP-2010-0-01118"]
[Site "LSS email"]
[Date "2010.03.21"]
[Round "?"]
[White "Tolan, John"]
[Black "Pauk, Jozef"]
[Result "1-0"]
[WhiteElo "1748"]
[BlackElo "836"]
[PlyCount "35"]
[EventDate "2010.03.17"]
[EventType "tourn (corr)"]
[EventRounds "4"]
[EventCountry "GER"]
[SourceTitle "Telechess CBM 141"]
[Source "ChessBase"]
[SourceDate "2011.03.17"]
[SourceVersion "1"]
[SourceVersionDate "2011.03.17"]
[SourceQuality "1"]

1. e4 c5 2. Nf3 d6 3. d4 cxd4 4. Nxd4 Nf6 5. Nc3 e5 6. Nb3 a6 7. Be2 Be7 8. Be3 Be6 9. 0-0 Qd7 10. f4 Bg4 11. fxe5 Bxe2 12. Qxe2 dxe5 13. Bg5 Qc6 14. Bxf6 Bxf6 15. Rad1 Nd7 16. Nd5 0-0-0 17. Rxf6 Nxf6 18. Ne7+ 1-0

[Event "IECG TE.2003.P.01303 email"]
[Site "IECG email"]
[Date "2003.11.11"]
[Round "?"]
[White "Czech, Zygfryd"]
[Black "Tolan, John"]
[Result "1-0"]
[WhiteElo "1967"]
[BlackElo "800"]
[PlyCount "29"]
[EventDate "2003.11.11"]
[EventType "tourn (corr)"]
[EventRounds "12"]
[SourceTitle "Corr 2008"]
[Source "ChessBase"]
[SourceDate "2008.06.24"]
[SourceVersion "1"]
[SourceVersionDate "2008.06.24"]
[SourceQuality "1"]

1. e4 c5 2. Nf3 Nc6 3. d4 cxd4 4. Nxd4 Nf6 5. Nc3 e6 6. Ndb5 d6 7. Bf4 e5 8. Bg5 a6 9. Bxf6 gxf6 10. Nd5 axb5 11. Bxb5 Bd7 12. Qd3 Rc8 13. 0-0 Nd4 14. Bxd7+ Qxd7 15. Nxf6+ 1-0

[Event "IECG TE.2003.P.01303 email"]
[Site "IECG email"]
[Date "2003.11.11"]
[Round "?"]
[White "Tolan, John"]
[Black "Cabrera Pino, Alexis Gianko"]
[Result "0-1"]
[WhiteElo "800"]
[BlackElo "2132"]
[PlyCount "30"]
[EventDate "2003.11.11"]
[EventType "tourn (corr)"]
[EventRounds "12"]
[SourceTitle "Corr 2008"]
[Source "ChessBase"]
[SourceDate "2008.06.24"]
[SourceVersion "1"]
[SourceVersionDate "2008.06.24"]
[SourceQuality "1"]

1. e4 c5 2. Nf3 Nc6 3. d4 cxd4 4. Nxd4 Nf6 5. Nc3 e6 6. Bf4 d6 7. Ndb5 e5 8. Bg3 a6 9. Na3 b5 10. Bh4 b4 11. Nd5 bxa3 12. bxa3 Qa5+ 13. c3 Nxd5 14. exd5 Qxc3+ 15. Qd2 Qxa1+ 0-1

[Event "IECG TE.2003.P.01303 email"]
[Site "IECG email"]
[Date "2003.11.11"]
[Round "?"]
[White "Tolan, John"]
[Black "Korchut, Adam"]
[Result "0-1"]
[WhiteElo "800"]
[BlackElo "2020"]
[PlyCount "40"]
[EventDate "2003.11.11"]
[EventType "tourn (corr)"]
[EventRounds "12"]
[SourceTitle "Corr 2008"]
[Source "ChessBase"]
[SourceDate "2008.06.24"]
[SourceVersion "1"]
[SourceVersionDate "2008.06.24"]
[SourceQuality "1"]

1. e4 c5 2. Nf3 Nc6 3. d4 cxd4 4. Nxd4 Nf6 5. Nc3 e6 6. Nxc6 bxc6 7. e5 Nd5 8. Be2 Nxc3 9. bxc3 Qa5 10. Bd2 Qxe5 11. 0-0 d5 12. c4 Bd6 13. g3 Qf6 14. cxd5 exd5 15. h4 0-0 16. c4 Bf5 17. cxd5 cxd5 18. Re1 Bc5 19. Bf3 Be4 20. Bxe4 Bxf2+ 0-1

[Event "IECG CP.2002.Q.00001 email"]
[Site "IECG email"]
[Date "2003.10.01"]
[Round "?"]
[White "Tolan, John"]
[Black "Hall, Dick"]
[Result "1-0"]
[WhiteElo "1650"]
[BlackElo "1634"]
[PlyCount "101"]
[EventDate "2003.10.01"]
[EventType "tourn (corr)"]
[EventRounds "10"]
[SourceTitle "Corr 2008"]
[Source "ChessBase"]
[SourceDate "2008.06.24"]
[SourceVersion "1"]
[SourceVersionDate "2008.06.24"]
[SourceQuality "1"]

1. e4 c5 2. Nf3 d6 3. d4 cxd4 4. Nxd4 Nf6 5. Nc3 a6 6. Be2 e5 7. Nb3 Be7 8. 0-0 0-0 9. Kh1 b6 10. Bg5 Bb7 11. Bxf6 Bxf6 12. Bc4 Nd7 13. Qxd6 b5 14. Be2 Be7 15. Qd3 Nc5 16. Qe3 Qc7 17. Rad1 Rad8 18. f3 Nxb3 19. axb3 Bc5 20. Qc1 Rfe8 21. Nd5 Bxd5 22. exd5 e4 23. c4 b4 24. Qc2 e3 25. Rfe1 Qf4 26. g3 Qf6 27. f4 Bd4 28. Bf3 Bxb2 29. Re2 Bc3 30. Be4 Bd4 31. Bxh7+ Kh8 32. Be4 Bc5 33. Bd3 Rd6 34. h3 Bd4 35. Qa2 Bc3 36. Qa5 g5 37. Rf1 Bd2 38. Qc7 Kg7 39. Kg2 Re7 40. Qc8 Red7 41. fxg5 Qxg5 42. Bf5 Rd8 43. Qc7 Kg8 44. Rf4 Qh5 45. Rg4+ Kf8 46. Be6 fxe6 47. dxe6 Rxe6 48. Qxd8+ Qe8 49. Qg5 Qc6+ 50. Kh2 Ke8 51. Qg8+ 1-0

[Event "IECG CP.2002.Q.00001 email"]
[Site "IECG email"]
[Date "2003.10.01"]
[Round "?"]
[White "Tolan, John"]
[Black "Kachkin, Konstantin"]
[Result "1/2-1/2"]
[WhiteElo "1650"]
[BlackElo "2175"]
[PlyCount "112"]
[EventDate "2003.10.01"]
[EventType "tourn (corr)"]
[EventRounds "10"]
[SourceTitle "Corr 2008"]
[Source "ChessBase"]
[SourceDate "2008.06.24"]
[SourceVersion "1"]
[SourceVersionDate "2008.06.24"]
[SourceQuality "1"]

1. e4 e6 2. d4 d5 3. Nc3 Bb4 4. e5 c5 5. a3 Bxc3+ 6. bxc3 Ne7 7. Nf3 Bd7 8. a4 Qa5 9. Bd2 Nbc6 10. Bb5 Qc7 11. 0-0 b6 12. Bd3 c4 13. Be2 f6 14. Re1 fxe5 15. Nxe5 Nxe5 16. dxe5 0-0 17. Bg4 Ng6 18. g3 Nxe5 19. Bf4 Rxf4 20. gxf4 Nxg4 21. Qxg4 Rf8 22. Re5 Rf6 23. Qg3 Qd8 24. Qe3 h6 25. f5 exf5 26. Rxd5 Qc7 27. Qe5 Qc6 28. Rad1 Re6 29. Qf4 Re4 30. Qf3 Re5 31. a5 f4 32. axb6 axb6 33. Qg2 f3 34. Qxf3 Rg5+ 35. Kf1 Bh3+ 36. Qxh3 Rxd5 37. Rxd5 Qxd5 38. Ke2 b5 39. Qe3 Qf5 40. Kd2 Kf7 41. Qd4 g5 42. Ke3 Kg6 43. Qe4 Qxe4+ 44. Kxe4 Kh5 45. Kd5 Kg4 46. Kc5 Kh3 47. Kxb5 Kxh2 48. Kxc4 h5 49. Kb4 h4 50. c4 h3 51. c5 Kg2 52. c6 h2 53. c7 h1Q 54. c8Q Qb1+ 55. Ka5 Qa1+ 56. Kb4 Qb2+ 1/2-1/2

[Event "IECG CP.2002.Q.00001 email"]
[Site "IECG email"]
[Date "2003.10.01"]
[Round "?"]
[White "Tolan, John"]
[Black "Phythyon, John R"]
[Result "1/2-1/2"]
[WhiteElo "1650"]
[BlackElo "2124"]
[PlyCount "62"]
[EventDate "2003.10.01"]
[EventType "tourn (corr)"]
[EventRounds "10"]
[SourceTitle "Corr 2008"]
[Source "ChessBase"]
[SourceDate "2008.06.24"]
[SourceVersion "1"]
[SourceVersionDate "2008.06.24"]
[SourceQuality "1"]

1. e4 e5 2. Nf3 Nc6 3. d4 exd4 4. Nxd4 Bc5 5. Nb3 Bb6 6. a4 a6 7. Nc3 d6 8. Nd5 Ba7 9. Be3 Bxe3 10. Nxe3 Nf6 11. Bd3 Be6 12. c4 0-0 13. 0-0 Nd7 14. f3 Nde5 15. Nd5 Nxd3 16. Qxd3 f5 17. Nd4 Nxd4 18. Qxd4 Qd7 19. Rfe1 Rae8 20. b3 fxe4 21. Rxe4 Bf5 22. Rxe8 Rxe8 23. Kf2 Qd8 24. Re1 Rxe1 25. Kxe1 Bc2 26. Qc3 Bg6 27. g3 c6 28. Ne3 Kf7 29. Qb4 Qe7 30. Kf2 Qc7 31. h4 Qd7 1/2-1/2

[Event "IECG CP.2002.P.00065 email"]
[Site "IECG email"]
[Date "2002.10.01"]
[Round "?"]
[White "Blom, Erik"]
[Black "Tolan, John"]
[Result "1/2-1/2"]
[WhiteElo "2070"]
[BlackElo "1470"]
[PlyCount "67"]
[EventDate "2002.10.01"]
[EventType "tourn (corr)"]
[EventRounds "6"]
[EventCountry "NED"]
[SourceTitle "Corr 2008"]
[Source "ChessBase"]
[SourceDate "2008.06.24"]
[SourceVersion "1"]
[SourceVersionDate "2008.06.24"]
[SourceQuality "1"]

1. e4 c6 2. d4 d5 3. exd5 cxd5 4. c4 Nf6 5. Nc3 e6 6. Nf3 Bb4 7. Bg5 0-0 8. Rc1 h6 9. Bh4 Nc6 10. Bd3 dxc4 11. Bxc4 b6 12. Bb5 Na5 13. a3 Be7 14. Ne5 Bb7 15. 0-0 a6 16. Ba4 b5 17. Bc2 Re8 18. Qd3 Kf8 19. Rfd1 Rc8 20. Bxf6 Bxf6 21. Qh7 Bxe5 22. dxe5 Qg5 23. g3 Red8 24. Be4 Qxe5 25. Bxb7 Nxb7 26. Re1 Qf5 27. Qh8+ Ke7 28. Qxg7 Nc5 29. Re5 Qg6 30. Qxg6 fxg6 31. Re3 Na4 32. Nd5+ Kd7 33. Nf6+ Ke7 34. Nd5+ 1/2-1/2

[Event "IECG CP.2002.P.00065 email"]
[Site "IECG email"]
[Date "2002.10.01"]
[Round "?"]
[White "Tolan, John"]
[Black "Castro Salguero, Robert"]
[Result "1-0"]
[WhiteElo "1470"]
[BlackElo "2206"]
[PlyCount "75"]
[EventDate "2002.10.01"]
[EventType "tourn (corr)"]
[EventRounds "6"]
[EventCountry "NED"]
[SourceTitle "Corr 2008"]
[Source "ChessBase"]
[SourceDate "2008.06.24"]
[SourceVersion "1"]
[SourceVersionDate "2008.06.24"]
[SourceQuality "1"]

1. e4 c5 2. Nf3 d6 3. d4 cxd4 4. Nxd4 Nf6 5. Nc3 e6 6. Be2 Be7 7. 0-0 Nc6 8. Be3 Bd7 9. Ndb5 Qb8 10. a4 a6 11. Na3 Qc7 12. Nc4 Ne5 13. Nb6 Rd8 14. f4 Nc6 15. Nc4 d5 16. exd5 exd5 17. Bb6 Bc5+ 18. Bxc5 dxc4 19. Qd2 Be6 20. Qe3 Nd7 21. f5 Nxc5 22. Qxc5 Bc8 23. Rae1 Qd6 24. Bxc4+ Kf8 25. Qxd6+ Rxd6 26. Ne4 Rd4 27. c3 Rd8 28. Ng5 Rd7 29. Ne6+ Kg8 30. Nc5 Rd8 31. f6 gxf6 32. Rxf6 Na5 33. Ba2 Kg7 34. Rxf7+ Kg6 35. Ref1 Rde8 36. R1f6+ Kg5 37. h4+ Kh5 38. Rg7 1-0

[Event "IECG CP.2002.P.00065 email"]
[Site "IECG email"]
[Date "2002.10.01"]
[Round "?"]
[White "Tolan, John"]
[Black "Micu, Sorin"]
[Result "1-0"]
[WhiteElo "1470"]
[BlackElo "800"]
[PlyCount "40"]
[EventDate "2002.10.01"]
[EventType "tourn (corr)"]
[EventRounds "6"]
[EventCountry "NED"]
[SourceTitle "Corr 2008"]
[Source "ChessBase"]
[SourceDate "2008.06.24"]
[SourceVersion "1"]
[SourceVersionDate "2008.06.24"]
[SourceQuality "1"]

1. e4 c6 2. d4 d5 3. e5 Bf5 4. Nf3 e6 5. Be2 Nd7 6. 0-0 Ne7 7. Nh4 Bg6 8. Nxg6 hxg6 9. c3 c5 10. Nd2 Nc6 11. Nf3 Be7 12. Bf4 Qb6 13. Qd2 0-0 14. h3 Rac8 15. Rfc1 Rc7 16. Rc2 Rfc8 17. Rac1 Na5 18. Bf1 Nc4 19. Bxc4 dxc4 20. d5 exd5 1-0

[Event "IECG RE.2002.0.00003"]
[Site "IECG email"]
[Date "2002.07.16"]
[Round "?"]
[White "Hort, Wolfgang"]
[Black "Tolan, John"]
[Result "1/2-1/2"]
[WhiteElo "1390"]
[BlackElo "1379"]
[PlyCount "95"]
[EventDate "2002.07.16"]
[EventType "tourn (corr)"]
[EventRounds "6"]
[SourceTitle "Corr 2008"]
[Source "ChessBase"]
[SourceDate "2008.06.24"]
[SourceVersion "1"]
[SourceVersionDate "2008.06.24"]
[SourceQuality "1"]

1. d4 Nf6 2. c4 e6 3. Nc3 Bb4 4. Qc2 d5 5. cxd5 exd5 6. Bg5 h6 7. Bh4 c5 8. dxc5 Nc6 9. 0-0-0 g5 10. Bg3 Qa5 11. e3 Qxc5 12. Nge2 Be6 13. a3 Bxc3 14. Qxc3 Qe7 15. Kb1 0-0 16. f3 Rac8 17. h4 Bf5+ 18. Ka1 d4 19. exd4 Nd5 20. Qd2 Qe3 21. hxg5 Qxd2 22. Rxd2 Na5 23. Ka2 Nc4 24. Rd1 Nde3 25. Re1 Nd2 26. d5 Bd3 27. Nf4 Ndxf1 28. Nxd3 Nxg3 29. Rh3 Nef5 30. gxh6 Kh7 31. Nf2 Rc2 32. Ne4 Rxg2 33. Nf6+ Kh8 34. Re5 Rd8 35. h7 Ng7 36. Rg5 N3h5 37. Rxg2 Nxf6 38. d6 Nf5 39. Rg5 Nxd6 40. Rh6 Nde8 41. Ra5 a6 42. Rf5 Rd6 43. Re5 Ng7 44. Rc5 Nfe8 45. Rh3 Ne6 46. Rc8 Rd8 47. Rxd8 Nxd8 48. Rh6 1/2-1/2

[Event "IECG RE.2002.0.00003"]
[Site "IECG email"]
[Date "2002.07.16"]
[Round "?"]
[White "Stone, Stephan"]
[Black "Tolan, John"]
[Result "0-1"]
[WhiteElo "1243"]
[BlackElo "1379"]
[PlyCount "86"]
[EventDate "2002.07.16"]
[EventType "tourn (corr)"]
[EventRounds "6"]
[SourceTitle "Corr 2008"]
[Source "ChessBase"]
[SourceDate "2008.06.24"]
[SourceVersion "1"]
[SourceVersionDate "2008.06.24"]
[SourceQuality "1"]

1. e4 c6 2. Nf3 d5 3. exd5 cxd5 4. d4 Nc6 5. c3 Bg4 6. Be2 e6 7. 0-0 Bd6 8. Be3 Nge7 9. Na3 a6 10. Nc2 0-0 11. Nh4 Bxe2 12. Qxe2 Qc7 13. g3 Na5 14. Ne1 Nc4 15. b3 Nxe3 16. Qxe3 Rac8 17. Rc1 Bb4 18. c4 Qa5 19. Nhf3 dxc4 20. bxc4 Qxa2 21. Nd3 Bd6 22. Qe4 Rb8 23. Rfe1 Qa5 24. c5 Bc7 25. Ng5 Ng6 26. Nf4 Bxf4 27. gxf4 Qd8 28. h4 Qd5 29. Qxd5 exd5 30. Nf3 Nxf4 31. Rb1 f6 32. Re3 Rf7 33. Reb3 b5 34. cxb6 Rfb7 35. Kf1 a5 36. Ke1 a4 37. Rb5 a3 38. Ra1 Rxb6 39. Rxb6 Rxb6 40. Rxa3 Rb1+ 41. Kd2 Rb2+ 42. Ke1 h5 43. Nd2 Ng2+ 0-1

[Event "IECG RE.2002.0.00003"]
[Site "IECG email"]
[Date "2002.07.16"]
[Round "?"]
[White "Tolan, John"]
[Black "Redhead, Yru"]
[Result "1-0"]
[WhiteElo "1379"]
[BlackElo "1250"]
[PlyCount "57"]
[EventDate "2002.07.16"]
[EventType "tourn (corr)"]
[EventRounds "6"]
[SourceTitle "Corr 2008"]
[Source "ChessBase"]
[SourceDate "2008.06.24"]
[SourceVersion "1"]
[SourceVersionDate "2008.06.24"]
[SourceQuality "1"]

1. e4 g6 2. d4 Bg7 3. Nc3 e5 4. d5 d6 5. Nf3 a6 6. Be3 Nf6 7. a4 0-0 8. h3 c6 9. a5 cxd5 10. Bb6 Qe7 11. Nxd5 Nxd5 12. Qxd5 Nc6 13. Qd2 Be6 14. Rd1 Rac8 15. Qxd6 Qf6 16. Qd2 Rfe8 17. Bd3 Bf8 18. c3 Bb3 19. Bc2 Bh6 20. Qxh6 Bxc2 21. Rd2 Bxe4 22. Ng5 Bf5 23. Qxh7+ Kf8 24. Be3 Nd4 25. 0-0 Re6 26. cxd4 Ree8 27. dxe5 Rxe5 28. Bd4 Qg7 29. Bxe5 1-0

[Event "IECG RE.2002.0.00003"]
[Site "IECG email"]
[Date "2002.07.16"]
[Round "?"]
[White "Tolan, John"]
[Black "Tavani, Alberto"]
[Result "1/2-1/2"]
[WhiteElo "1379"]
[BlackElo "1345"]
[PlyCount "98"]
[EventDate "2002.07.16"]
[EventType "tourn (corr)"]
[EventRounds "6"]
[SourceTitle "Corr 2008"]
[Source "ChessBase"]
[SourceDate "2008.06.24"]
[SourceVersion "1"]
[SourceVersionDate "2008.06.24"]
[SourceQuality "1"]

1. e4 e5 2. Nf3 Nc6 3. Bb5 Bc5 4. 0-0 Qf6 5. d3 a6 6. Ba4 Nge7 7. Bg5 Qd6 8. Re1 0-0 9. Bh4 Ng6 10. Bg3 Nd4 11. Nxd4 Bxd4 12. c3 Ba7 13. Bb3 Qf6 14. c4 d6 15. Nc3 c6 16. a4 a5 17. Qd2 Bc5 18. Bd1 b6 19. Bf3 Nh4 20. Bd1 Be6 21. Qe2 Ng6 22. Qd2 Rab8 23. Bh5 Rfe8 24. Bf3 Bb4 25. Ra2 b5 26. axb5 cxb5 27. b3 Ne7 28. Rea1 Nc6 29. Bd1 Nd4 30. Qb2 bxc4 31. bxc4 h5 32. h3 Qg6 33. Kh2 f5 34. f3 Rec8 35. Qc1 Bxc4 36. dxc4 Rxc4 37. Be1 Rbc8 38. Ra3 fxe4 39. fxe4 Qxe4 40. Nxe4 Rxc1 41. Bxb4 axb4 42. Ra8 d5 43. Rxc1 Rxa8 44. Nc5 Rc8 45. Bxh5 Rc7 46. Kg3 g6 47. Bd1 Kf7 48. Nd3 Rxc1 49. Nxc1 e4 1/2-1/2

[Event "IECG QE.2002.0.00022"]
[Site "IECG email"]
[Date "2002.06.29"]
[Round "?"]
[White "Howes, Tony"]
[Black "Tolan, John"]
[Result "0-1"]
[WhiteElo "1363"]
[BlackElo "1336"]
[PlyCount "62"]
[EventDate "2002.06.29"]
[EventType "tourn (corr)"]
[EventRounds "6"]
[SourceTitle "Corr 2024"]
[Source "ChessBase"]
[SourceDate "2023.10.19"]
[SourceVersion "1"]
[SourceVersionDate "2023.10.19"]
[SourceQuality "1"]

1. e4 c6 2. Ne2 d5 3. e5 d4 4. c3 c5 5. Ng3 Nc6 6. f4 e6 7. Bb5 Qc7 8. cxd4 cxd4 9. 0-0 Bd7 10. Qe2 Qb6 11. Bd3 Nb4 12. Na3 Nxd3 13. Qxd3 Bxa3 14. Qxa3 d3+ 15. Kh1 Ne7 16. Ne4 Nf5 17. Nc5 Bb5 18. b4 0-0 19. Bb2 Rfd8 20. Rac1 Ne3 21. Rf3 Nc2 22. Qb3 Bc6 23. Rxd3 Nxb4 24. Rxd8+ Rxd8 25. Ba3 Rxd2 26. Qxb4 Qd8 27. h3 Rxg2 28. Nb3 Rxa2+ 29. Kg1 Rg2+ 30. Kh1 h6 31. Rxc6 Qd5 0-1

[Event "IECG QE.2002.0.00014"]
[Site "IECG email"]
[Date "2002.02.11"]
[Round "?"]
[White "Poblete, Litos"]
[Black "Tolan, John"]
[Result "1/2-1/2"]
[WhiteElo "1239"]
[BlackElo "1299"]
[PlyCount "56"]
[EventDate "2002.02.11"]
[EventType "tourn (corr)"]
[EventRounds "6"]
[SourceTitle "Corr 2008"]
[Source "ChessBase"]
[SourceDate "2008.06.24"]
[SourceVersion "1"]
[SourceVersionDate "2008.06.24"]
[SourceQuality "1"]

1. d4 Nf6 2. c4 g6 3. Nc3 Bg7 4. e4 d6 5. f3 0-0 6. Be3 a6 7. Nge2 Nbd7 8. Qd2 e5 9. d5 Nb6 10. Nc1 Nfd7 11. a4 a5 12. Nb3 f5 13. c5 dxc5 14. Nxc5 Nxc5 15. Bxc5 Rf7 16. Bxb6 cxb6 17. Bc4 Kh8 18. 0-0 Bf8 19. Nb5 Bd7 20. Kh1 Bc5 21. Rac1 fxe4 22. fxe4 Be8 23. Rxf7 Bxf7 24. Rf1 Be8 25. Nc3 Rc8 26. Qh6 Qe7 27. b3 Qg7 28. Qh4 Qe7 1/2-1/2

[Event "IECG QE.2001.0.00009"]
[Site "IECG email"]
[Date "2001.11.11"]
[Round "?"]
[White "Tolan, John"]
[Black "Chuprys, Viktar"]
[Result "1-0"]
[WhiteElo "1251"]
[BlackElo "1179"]
[PlyCount "71"]
[EventDate "2001.11.11"]
[EventType "tourn (corr)"]
[EventRounds "6"]
[SourceTitle "Corr 2008"]
[Source "ChessBase"]
[SourceDate "2008.06.24"]
[SourceVersion "1"]
[SourceVersionDate "2008.06.24"]
[SourceQuality "1"]

1. e4 e5 2. Nf3 Nc6 3. Bc4 Nf6 4. d4 exd4 5. 0-0 Nxe4 6. Re1 d5 7. Bxd5 Qxd5 8. Nc3 Qh5 9. Nxe4 Be6 10. Neg5 0-0-0 11. Nxe6 fxe6 12. Rxe6 Bd6 13. Re1 Rhe8 14. Bd2 Rxe1+ 15. Bxe1 Rf8 16. h3 Rf4 17. Qd3 Ne5 18. Nxe5 Qxe5 19. Rd1 h6 20. f3 Rf6 21. Kf1 Qh2 22. Qe4 Be5 23. Bf2 Qf4 24. Re1 Qxe4 25. Rxe4 Bd6 26. Bxd4 Rf7 27. Re8+ Kd7 28. Rg8 Bf8 29. Rxf8 Rxf8 30. Bxg7 Rf5 31. Bxh6 Ke6 32. Be3 c5 33. f4 Kd5 34. g4 Rf8 35. f5 b6 36. Kf2 1-0